• 首页
  • 本馆介绍
  • 公告通知
  • 最新文献
  • 馆藏检索
  • 电子资源
  • 读者导购
  • 参考咨询
  • 我的图书馆
  • 登录
  • 详细信息显示
  • 放入我的书架
  • 预约/预借图书
  • 作者相关作品
  • 分类相关作品
  • 丛书相关作品
  • 出版社相关作品

书目信息

  • 表格格式
  • 工作单格式
  • 卡片格式
题名:
全球金融监管
    
 
作者: 戴维斯 , 格林 著 ;中国银行监督管理委员会国际部译 译
分册:  
出版信息: 北京   中国金融出版社  2009
页数: 149页
开本: 24cm
丛书名:
单 册:
中图分类: F831.1
科图分类:
主题词: 国际金融--监督管理--研究 , 国际金融 , 监督管理
电子资源:
ISBN: 978-7-5049-5030-7
000 01231nam0 2200277 45
005 20100303111412.20
010    @a978-7-5049-5030-7@dCNY28.00
100    @a20100120d2009 em y0chiy50 ea
101 1  @achi@ceng
102    @aCN@b110000
105    @ay z 000yy
106    @ar
200 1  @a全球金融监管@AQuan Qiu Jin Rong Jian Guan@dGlobal financial regulation: the essential guide@f霍华德·戴维斯(Howard Davies),大卫·格林(David Green)著@FHuo Hua De· Dai Wei Si (Howard Davies), Da Wei· Ge Lin (David Green) Zhu@g中国银行监督管理委员会国际部译@zeng
210    @a北京@c中国金融出版社@d2009
215    @a149页@d24cm
330    @a本书主要内容为国际金融监管的目当前国际监管体系:理论与实践、国际金融机构及其在金融监管中的作用、各国监管架构、改革的方向等。
510 1  @aGlobal financial regulation: the essential guide@zeng
606 0  @a国际金融@x监督管理@x研究
606 0  @a国际金融
606 0  @a监督管理
690    @aF831.1@v4
701  1 @a戴维斯@ADai Wei Si@g(Davies, Howard)@4著
701  1 @a格林@AGe Lin@g(Green, David)@4著
712 02 @a中国银行监督管理委员会国际部译@AZhong Guo Yin Xing Jian Du Guan Li Wei Yuan Hui Guo Ji Bu Yi@4译
801  0 @aCN@bTANGWEI@c20100303
905    @b0583868-72@dF831.1@e34@f5
    
    全球金融监管=Global financial regulation: the essential guide/霍华德·戴维斯(Howard Davies),大卫·格林(David Green)著/中国银行监督管理委员会国际部译.-北京:中国金融出版社,2009
    149页;24cm
    
    
    ISBN 978-7-5049-5030-7:CNY28.00
    本书主要内容为国际金融监管的目当前国际监管体系:理论与实践、国际金融机构及其在金融监管中的作用、各国监管架构、改革的方向等。
●
相关链接 在E读中查询图书 在五车中查询图书 在当当中查询图书 在豆瓣中查询图书


正题名:全球金融监管     索取号:F831.1/34         预约/预借

序号 登录号 条形码 馆藏地/架位号 状态 备注
1 0583868   205838682   第一样本阅览室/ [索取号:F831.1/34] 在馆    
2 0583869   205838691   第一借阅区/ [索取号:F831.1/34] 在馆    
3 0583870   205838708   第一借阅区/ [索取号:F831.1/34] 在馆    
4 0583871   205838717   第一借阅区/ [索取号:F831.1/34] 在馆    
5 0583872   205838726   密集书库-海洋学院/ [索取号:F831.1/34] 在馆    
唐山师范学院图书馆 欢迎您!
大连网信软件有限公司© 版权所有